Quizzes
Events
Quiz Creation
Community
Videos
Private Events
Remove Ads
Sign In
Join for FREE
Feedback
Dark Mode
Quiz Categories
Sports
Geography
Music
Movies
Television
Just For Fun
Miscellaneous
History
Literature
Language
Science
Gaming
Entertainment
Religion
Holiday
For Kids
Quiz Lab
Recent
Popular Today
Quiz Kudos Today
Editor Picks
Curator Picks
Quizzes by...
Day
Popularity
Type
Ratings
Length
Year
Community
Subscriptions
Recent Discussions
Orange Saloon
Badges
Playlists
Quests
Create
Leaderboards
Showdown
Live 5
Trivia Bingo
Activity
Puzzle Library
Sporcle Events
Private Events
Virtual Trivia
Globe League
Become a Host
Pub Owners
SporcleCon
Opinionation
Our Games
Videos
Blog
Mobile Apps
Partnerships
Remove Ads and Go Orange
Feedback
Science
Computer
Plants
Astronomy
Chemistry
Elements
Math
Animal
Physics
Anatomy
Biology
Geology
General Science
Science
Computer
Plants
Astronomy
Chemistry
Elements
Math
Animal
Physics
Anatomy
Biology
Geology
General Science
Random Quiz
Search Sporcle
×
Quiz Lab
Quiz Lab
Science
Animal
Type in answers that appear in a list
Type in answers that appear in a list
Classic
Best Score? Go Orange.
Top Ten Deadliest Animals Stats
Can you name the Top Ten Deadliest Animals?
By
ASmith29
4m
10 Questions
616 Plays
616 Plays
616 Plays
Comments
Comments
Give Quiz Kudos
Give Quiz Kudos
-
- Ratings
hide this ad
Replay
Link that replays current quiz
Next Quiz
Link to next quiz in quiz playlist
You Got
0%
They Got
Avg Score
21%
Avg Friend Score
Upgrade to see
Score Distribution
Jump to the score distribution portion of the page
Score
0/10
Timer
04:00
0
Plays Today
Type of Animal
Deadliest Animals
% Correct
Insect
Mosquito
61.5%
Fish
Great White Shark
47.4%
Mammal
Elephant
37.3%
Amphibian
Poison Dart Frog
26.9%
Mammal
Polar Bear
20.5%
Mammal
Cape Buffalo
5%
Mammal
African Lion
4.4%
Snake
Asian Cobra
3.2%
Invertebrate
Australian Box Jellyfish
2.4%
Reptile
Australian Saltwater Crocodile
1.8%
Quiz Playlist
Details
Report
Send in Message
Add To Playlist
Classic:
Type in answers that appear in a list
Last Updated: Feb 16, 2017
Quiz Scoreboard
CHALLENGE
Sign Up to Join the Scoreboard
Show All
Scores
Hide
Comments
May contain spoilers
Recently Published
TV Characters by Other Roles V
by ghcgh
Television
5m
Decade Duel: World Leaders
by jenniferyan
History
4m
Alphabetical 'K' Countries by Flag Minefield
by ylime102
Geography
3m
More to Explore
Quiz From the Vault
Featured Blog Post
15 Basketball Trivia Facts You Can Be March Mad About
hide this ad
You Might Also Like...
Tags
Animal Quiz
deadliest
ten
Today's Top Quizzes in Science
Browse Science
hide this ad
Today's Top Quizzes in Animal
Browse Animal
Top Contributed Quizzes in Science
1
Pick 6: Animals
2
Group Clicking: Animals II
3
Find the Spring Animals
4
what months are considered part of the spring season/us
5
The First 100 Digits of Pi
6
Why is the sky blue? And other physics questions.
7
Flowers by Accent Chairs
8
Needlepoint Flowers
9
Label the Skeleton -
10
Needlepoint Flowers II
Explore More
Trending Topics
Disney
Anime
Harry Potter
NBA
Kpop
Marvel
Crossword
Country
Song
WWE
Soccer
Pokémon
The Office
NFL
Puzzle
hide this ad
More By:
ASmith29
Quiz
Plays
Rating
Category
Featured
Created
Top Ten Worlds Largest Animals
2,751
2.48
Science
Jan 30, 2010
Pepsi Products
698
2.58
Just For Fun
Mar 18, 2010
Top Ten Ice Cream Flavors
667
1.50
Just For Fun
Feb 23, 2010
Top Ten Deadliest Animals
616
1.50
Science
Feb 9, 2010
Go to Creator's Profile
Score Distribution
Quiz Creator Spotlight
ASmith29
Follow
Send a Message
Quizzes Created
-
Created Quiz Play Count
-
More By This Creator
Popular Quizzes Today
1
Countries of Asia Without Outlines Minefield
2
Find the US States - No Outlines Minefield
3
Pick 6: Fruits
4
The Countries of the World
5
Find the Countries of Europe - No Outlines Minefield
6
Alphabetical 'K' Countries by Flag Minefield
7
US States
8
Find the US States
More Science Quizzes
UoL Medicine Cancer Block Y2
Quiz Lab
Trending Quizzes
Pick 6: Mountains
Pick 6: Harry Potter
Pick 6: NFL Teams
Pick 6: Flags
C Names for Actors
Recently Updated
Adaptations: Name the Title
pecheneg
NWSL Teams
pecheneg
Women's Final Four Teams by Year
bhenderson79
Presidents Quartet II
eogle
Anything But Clue(do)
eogle
Anything But Oceanian Capitals
eogle
Anything But 7
eogle
Anything But Thing
eogle
Word Ladder: February 29
pecheneg
Song Title Questions
pecheneg
Trending Topics
Harry Potter
Crossword
Kpop
Marvel
Anime
Disney
NBA
Soccer
Song
Country
NFL
Pokémon
The Office
Puzzle
WWE
Your Account Isn't Verified!
In order to create a playlist on Sporcle, you need to verify the email address you used during registration. Go to your
Sporcle Settings
to finish the process.
Report this User
Report this user for behavior that violates our
Community Guidelines
.
Details:
Send Report
Go to the Sporcle.com Mobile Site →
Comments